[Event "St Petersburg Blitz Prelim 2013"]
[Site "St Petersburg RUS"]
[Date "2013.12.22"]
[Round "7.6"]
[White "Goganov,A"]
[Black "Begunov,K"]
[Result "1-0"]
[WhiteElo "2581"]
[BlackElo "2325"]

1.Nf3 d5 2.g3 c6 3.Bg2 Bg4 4.O-O Nd7 5.d3 e6 6.c4 Ngf6 7.cxd5 cxd5 8.Nc3 Be7
9.Bf4 a6 10.h3 Bh5 11.e4 dxe4 12.dxe4 e5 13.Be3 Bxf3 14.Qxf3 Bc5 15.Rfd1 Bxe3
16.Qxe3 Qb6 17.Qxb6 Nxb6 18.Nd5 Nfxd5 19.exd5 O-O-O 20.Rac1+ Kb8 21.d6 Rd7
22.Rc5 f6 23.Rdc1 Rxd6 24.Rc7 Rd7 25.Rxd7 Nxd7 26.Rd1 Nb6 27.b3 Rc8 28.a4 Rc5
29.Rd8+ Rc8 30.Rd6 Kc7 31.Rd1 Nd7 32.Bxb7  1-0

[Event "WYCC U18 Open 2013"]
[Site "Al-Ain UAE"]
[Date "2013.12.23"]
[Round "7.5"]
[White "Gabuzyan,H"]
[Black "Loiseau,Q"]
[Result "1/2-1/2"]
[WhiteElo "2532"]
[BlackElo "2388"]

1.Nf3 d5 2.g3 Nf6 3.Bg2 g6 4.b3 Bg7 5.Bb2 O-O 6.c4 c6 7.O-O a5 8.Nc3 Bf5
9.d3 Re8 10.Qc2 d4 11.Na4 e5 12.Nh4 Be6 13.Nc5 Bc8 14.a3 b6 15.Na4 Ra7 16.b4 b5
17.Nc5 Qd6 18.Nf3 Nbd7 19.cxb5 cxb5 20.Nd2 Rc7 21.Rac1 Bf8 22.Nde4 Nxe4 23.Bxe4 Nxc5
24.bxc5 Rxc5 25.Qxc5 Qxc5 26.Rxc5 Bxc5 27.Rc1 Bf8 28.Bc6 Rd8 29.Bxb5 Bd7  1/2-1/2

[Event "51st Groningen Open A 2013"]
[Site "Groningen NED"]
[Date "2013.12.23"]
[Round "3.4"]
[White "Javakhadze,Z"]
[Black "Spoelman,W"]
[Result "0-1"]
[WhiteElo "2451"]
[BlackElo "2585"]

1.Nf3 d5 2.g3 Nf6 3.Bg2 c6 4.O-O Bg4 5.d3 e6 6.Nbd2 Be7 7.b3 O-O 8.Bb2 a5
9.a3 Nbd7 10.Qe1 Qc7 11.e4 Bh5 12.h3 a4 13.b4 c5 14.e5 Ne8 15.b5 c4 16.dxc4 dxc4
17.Bc3 Bg6 18.Nd4 Nb6 19.Qe2 Rd8 20.Rfd1 Bc5 21.Ne4 Nd5 22.Be1 Bxd4 23.Rxd4 Qxe5
24.Rad1 Bh5 25.Bf3 Bxf3 26.Qxf3 Nec7 27.b6 Nb5 28.Rxc4 f5 29.Ng5 h6 30.Rc5 Nd4
31.Qd3 Ne2+ 32.Kf1 hxg5 33.Qxe2 Ne3+ 34.Qxe3 Qxe3 35.fxe3 Rxd1 36.Rc7 Rf7
37.Ke2 Rd6 38.Rc8+ Kh7 39.Ba5 e5 40.c4 f4 41.c5 Rh6 42.Bc3 fxg3  0-1

[Event "51st Groningen Open A 2013"]
[Site "Groningen NED"]
[Date "2013.12.23"]
[Round "3.2"]
[White "Azaladze,S"]
[Black "L'Ami,E"]
[Result "0-1"]
[WhiteElo "2482"]
[BlackElo "2645"]

1.Nf3 d5 2.g3 Bg4 3.Bg2 Nd7 4.O-O c6 5.d3 e5 6.e4 dxe4 7.dxe4 Ngf6 8.Nbd2 Bc5
9.h3 Bh5 10.Qe1 O-O 11.Nc4 Qc7 12.a4 Ne8 13.b4 Be7 14.c3 f6 15.Be3 Nd6 16.Nfd2 Nxc4
17.Nxc4 Nb6 18.Bxb6 axb6 19.Qe3 Bd8 20.Rfb1 Bf7 21.Bf1 Be6 22.Rd1 Kh8 23.Kh2 Rf7
24.Be2 Rd7 25.Rxd7 Bxd7 26.a5 bxa5 27.bxa5 Be8 28.Nb6 Rb8 29.c4 Be7 30.c5 Bf8
31.Rd1 Rd8 32.Kg2 Rxd1 33.Bxd1 Qe7 34.Na4 Qd8 35.Qb3 h5 36.Bc2 Qd2 37.Qc4 Bg6
38.Bb3 Bh7 39.Nc3 Qd4 40.Qf7 Qxc5 41.h4 Qe7 42.Qxh5 g6 43.Qg4 Qd8 44.Qe6 Bb4
45.a6 bxa6 46.Na2 Bd6 47.Qc4 Bg8 48.Qc2 Bxb3 49.Qxb3 Qc7 50.Qf3 Kg7 51.h5 Qf7
52.Qe2 gxh5 53.Qxa6 Qd7 54.Qc4 Be7 55.Nc3 Qd6 56.Qa4 Qe6 57.Qa7 Kf7 58.Qa6 Bc5
59.Qb7+ Kg6 60.Qa6 h4 61.Nd5 h3+ 62.Kh2 Bxf2 63.Qa2 cxd5 64.exd5 Qb6 65.d6 Qxd6
66.Qxf2 Qc6 67.Kxh3 Qh1+  0-1

[Event "WYCC U16 Girls 2013"]
[Site "Al-Ain UAE"]
[Date "2013.12.24"]
[Round "8.29"]
[White "Uzlavataya,Anhelina"]
[Black "Virkud,Apurva"]
[Result "1-0"]
[WhiteElo "1892"]
[BlackElo "1969"]

1.Nf3 d5 2.g3 c6 3.Bg2 Nf6 4.O-O Bf5 5.d4 h6 6.c4 e6 7.Nc3 Be7 8.Nd2 Nbd7
9.e4 dxe4 10.Ndxe4 Nxe4 11.Nxe4 Nf6 12.Nc3 O-O 13.h3 Qd7 14.Be3 Rfe8 15.Qb3 Bd6
16.Rfd1 Qe7 17.Rac1 Rab8 18.d5 exd5 19.cxd5 a6 20.Ba7 Ra8 21.Bb6 Rac8 22.dxc6 bxc6
23.Na4 Be6 24.Qd3 Nd5 25.b3 a5 26.Bc5 Red8 27.Qe2 Bxc5 28.Nxc5 Rd6 29.Ne4 Bf5
30.Nc3 Qxe2 31.Nxe2 Rcd8 32.Rc5 Bg6 33.Rxa5 Nf4 34.Rxd6 Nxe2+ 35.Kf1 Nxg3+
36.fxg3 Rxd6 37.Ra8+ Kh7 38.Ke2 c5 39.Rc8 Ra6 40.a4 Re6+ 41.Kf2 Rf6+ 42.Kg1 Bc2
43.Bd5 Bf5 44.Rxc5 Bxh3 45.Bc4 g5 46.a5 Bf5 47.Rxf5 Rxf5 48.Bd3  1-0

[Event "51st Groningen Open A 2013"]
[Site "Groningen NED"]
[Date "2013.12.24"]
[Round "4.13"]
[White "Van Foreest,Jorden"]
[Black "Burg,T"]
[Result "1/2-1/2"]
[WhiteElo "2326"]
[BlackElo "2490"]

1.Nf3 d5 2.g3 Nf6 3.Bg2 c6 4.O-O Bg4 5.c4 e6 6.d3 Bd6 7.cxd5 cxd5 8.Qb3 Qe7
9.e4 Bxf3 10.Bxf3 dxe4 11.dxe4 Nc6 12.Be3 O-O 13.Rc1 Ne5 14.Bg2 Neg4 15.Nd2 Nxe3
16.Qxe3 e5 17.a3 Rfd8 18.Bh3 b6 19.b4 a5 20.Qxb6 axb4 21.axb4 Rxa1 22.Rxa1 Bxb4
23.Ra7 Qd6 24.Qxd6 Bxd6 25.Ra2 g6 26.Rc2 Kg7  1/2-1/2

[Event "51st Groningen Open A 2013"]
[Site "Groningen NED"]
[Date "2013.12.24"]
[Round "4.12"]
[White "Greenfeld,A"]
[Black "Minko,V"]
[Result "1-0"]
[WhiteElo "2531"]
[BlackElo "2327"]

1.Nf3 d5 2.g3 Nf6 3.Bg2 c6 4.O-O e6 5.d3 Be7 6.Nbd2 O-O 7.e4 b5 8.Re1 Bb7
9.e5 Nfd7 10.Nf1 c5 11.h4 Nc6 12.N1h2 Qc7 13.Bf4 Rfd8 14.Ng4 d4 15.Ng5 Bxg5
16.Bxg5 Re8 17.Be4 Ne7 18.Nf6+ gxf6 19.exf6 Nf5 20.Qh5 Nf8 21.Bf4 Qb6 22.Bxf5 exf5
23.Qh6  1-0

[Event "Chinese Teams 2013"]
[Site "Tianjin CHN"]
[Date "2013.12.24"]
[Round "22.5"]
[White "Wang Yue"]
[Black "Motylev,A"]
[Result "1/2-1/2"]
[WhiteElo "2725"]
[BlackElo "2645"]

1.Nf3 d5 2.g3 Bg4 3.Bg2 Nd7 4.c4 e6 5.cxd5 exd5 6.O-O Ngf6 7.d3 Be7 8.Nc3 O-O
9.h3 Bxf3 10.Bxf3 c6 11.e4 dxe4 12.dxe4 Re8 13.Qc2 Bc5 14.Bg2 Qe7 15.Kh2 Bd4
16.Rd1 Qc5 17.f4 Nb6 18.a4 a5 19.Rd3 Rad8 20.Qd1 Bg1+ 21.Kh1 Nh5 22.Ne2 Rxd3
23.Qxd3 Bf2 24.b3 Nd5 25.Ba3 Qe3 26.Qxe3 Nxe3 27.Bc5 Nc2 28.Rc1 Bxc5 29.Rxc2 Bb4
30.e5 g5 31.Bf3 Ng7 32.Kg2  1/2-1/2

[Event "Chinese Teams 2013"]
[Site "Tianjin CHN"]
[Date "2013.12.24"]
[Round "22.6"]
[White "Zhou Weiqi"]
[Black "Wu Wenjin"]
[Result "1-0"]
[WhiteElo "2622"]
[BlackElo "2355"]

1.Nf3 d5 2.g3 c5 3.Bg2 Nc6 4.O-O Nf6 5.c4 dxc4 6.Na3 Be6 7.Ng5 Bd7 8.Nxc4 e6
9.d3 Be7 10.Nf3 Nd5 11.Qb3 O-O 12.Rd1 b5 13.Nce5 Nxe5 14.Nxe5 Be8 15.e4 Nb4
16.Be3 Qc7 17.a3 Qxe5 18.axb4 cxb4 19.Bxa7 Bc6 20.d4 Qc7 21.Bc5 Bxc5 22.dxc5 Ra4
23.Rac1 h6 24.Rd6 Qb7 25.f3 Rfa8 26.Bf1 Rc8 27.Kg2 Qa8 28.Rcd1 Qa5 29.Rxe6  1-0

[Event "Al-Ain Classic Open A 2013"]
[Site "Al-Ain UAE"]
[Date "2013.12.26"]
[Round "7.41"]
[White "Abtini,H"]
[Black "Mukhin,Alexe1"]
[Result "1-0"]
[WhiteElo "2014"]
[BlackElo "2188"]

1.Nf3 d5 2.g3 Nf6 3.Bg2 c5 4.O-O Nc6 5.d3 g6 6.Nbd2 Bg7 7.e4 e6 8.Re1 O-O
9.c3 a5 10.a4 b6 11.exd5 exd5 12.Nf1 Ra7 13.h3 Ba6 14.d4 Ne4 15.Be3 Re8 16.N1d2 Rae7
17.dxc5 Nxc5 18.Bf1 Qc8 19.Bxa6 Qxa6 20.Nb3 Nd3 21.Qe2 Bh6 22.Red1 Rxe3 23.fxe3 Rxe3
24.Qf1 Qc4 25.Nbd2 Qc5 26.Nb3 Qd6 27.Kg2 Nce5 28.Nbd4 Nxf3 29.Nxf3 Qe6 30.Rxd3 Re2+
31.Kh1 Qe4 32.Rad1 Kg7 33.Rd4 Qe3 34.R1d3 Qe6 35.Rxd5 Qe4 36.Re5  1-0

[Event "22nd Donau Open 2013"]
[Site "Aschach AUT"]
[Date "2013.12.26"]
[Round "1.7"]
[White "Belezky,A"]
[Black "Brandstetter,D"]
[Result "1-0"]
[WhiteElo "2451"]
[BlackElo "2066"]

1.Nf3 d5 2.g3 Nf6 3.Bg2 c6 4.b3 g6 5.Bb2 Bg7 6.O-O O-O 7.d3 Nbd7 8.Nbd2 Re8
9.Re1 e5 10.e4 Qc7 11.a4 a5 12.Qb1 dxe4 13.dxe4 Nc5 14.Bc3 Bg4 15.Qb2 Bxf3
16.Bxf3 Nfd7 17.Nc4 b6 18.Rad1 b5 19.axb5 cxb5 20.Nxa5 b4 21.Bxb4 Rxa5 22.Bxa5 Qxa5
23.b4 Rb8 24.c3 Qc7 25.Qd2 Na4 26.Qxd7 Qxd7 27.Rxd7 Nxc3 28.Rc1 Nb5 29.Be2 Nd4
30.Bc4 Bh6 31.Bxf7+ Kh8 32.Ra1 Rxb4 33.Ra8+ Kg7 34.Bd5+ Kf6 35.h4  1-0

[Event "23rd North American Open 2013"]
[Site "Las Vegas USA"]
[Date "2013.12.26"]
[Round "2.16"]
[White "Shankland,S"]
[Black "Aaron,D"]
[Result "1-0"]
[WhiteElo "2602"]
[BlackElo "2322"]

1.Nf3 d5 2.g3 Nf6 3.Bg2 e6 4.O-O Be7 5.c4 c6 6.b3 O-O 7.Bb2 b6 8.Qc2 Bb7
9.d4 Na6 10.Nc3 Rc8 11.Rad1 Qc7 12.a3 Rfd8 13.e4 c5 14.exd5 exd5 15.Rfe1 Bc6
16.cxd5 Nxd5 17.Nxd5 Bxd5 18.Qe2 Bxb3 19.Rc1 Be6 20.Qxa6 c4 21.Ne5 Bg5 22.f4 Bf6
23.Qb5 a6 24.Qxa6 Qd6 25.Qb5 c3 26.Rxc3 Qxd4+ 27.Rce3 Qd6 28.f5 Bg5 29.Rd3  1-0

[Event "VII Stadium Casablanca Open 2013"]
[Site "Zaragoza ESP"]
[Date "2013.12.26"]
[Round "1.9"]
[White "Oms Pallisse,J"]
[Black "Soriano Gracia,Manuel"]
[Result "1-0"]
[WhiteElo "2453"]
[BlackElo "1782"]

1.Nf3 d5 2.g3 Bf5 3.Bg2 c6 4.O-O Nd7 5.d3 Ngf6 6.Nbd2 e6 7.b3 Bc5 8.Bb2 O-O
9.a3 a5 10.Qe1 b5 11.e4 Bg6 12.Nh4 Qb6 13.Nxg6 hxg6 14.Nf3 dxe4 15.dxe4 Rfd8
16.Qe2 a4 17.e5 Nd5 18.c4 Nc7 19.b4 Be7 20.c5 Qa6 21.Nd2 Nd5 22.Ne4 Re8 23.h4 Rac8
24.Rad1 Qb7 25.h5 gxh5 26.Qxh5 Nf8 27.Bh3 Rcd8 28.Rfe1 Qc8 29.Bf1 f5 30.exf6 Bxf6
31.Bxf6 Nxf6 32.Nxf6+ gxf6 33.Bg2 Rxd1 34.Rxd1 Re7 35.Rd6 Rc7 36.Qf3  1-0

[Event "WYCC U18 Open 2013"]
[Site "Al-Ain UAE"]
[Date "2013.12.27"]
[Round "10.10"]
[White "Santos Latasa,J"]
[Black "Sanzhaev,D"]
[Result "1/2-1/2"]
[WhiteElo "2467"]
[BlackElo "2366"]

1.Nf3 d5 2.g3 c6 3.Bg2 Nf6 4.O-O Bf5 5.d3 h6 6.c4 e6 7.Be3 dxc4 8.dxc4 Qxd1
9.Rxd1 Nbd7 10.Nc3 Ng4 11.Bd2 Bc5 12.Be1 O-O-O 13.Nd4 Bg6 14.Na4 e5 15.Nxc5 Nxc5
16.Nf3 Rhe8 17.Nh4 Bh7 18.Bh3 Rxd1 19.Rxd1 f5 20.Bf1 g5 21.Ng2 Rd8 22.Rxd8+ Kxd8
23.Bb4 b6 24.f3 Nf6 25.e3 g4 26.Bxc5 bxc5 27.Ne1 Kc7 28.Nd3 Nd7 29.f4 e4
30.Nf2 a5 31.a4 Nb8 32.Nd1 Na6 33.Kf2 Bg8 34.Ke1  1/2-1/2

[Event "WYCC U18 Girls 2013"]
[Site "Al-Ain UAE"]
[Date "2013.12.27"]
[Round "10.10"]
[White "Aranaz Murillo,A"]
[Black "Leks,M"]
[Result "1-0"]
[WhiteElo "2262"]
[BlackElo "2076"]

1.Nf3 d5 2.g3 Nf6 3.Bg2 c6 4.c4 dxc4 5.O-O e6 6.a4 b6 7.Ne5 Bb7 8.Nxc4 Nbd7
9.d4 Be7 10.e4 O-O 11.Nc3 Ba6 12.b3 b5 13.axb5 Bxb5 14.Nxb5 cxb5 15.Na5 Qb6
16.d5 exd5 17.exd5 Bc5 18.Bd2 Ne5 19.b4 Bd4 20.Rc1 Bxf2+ 21.Rxf2 Nd3 22.Be1 Nxc1
23.Kh1 Ng4 24.Qxg4 Nd3 25.Rf1 Nxe1 26.Rxe1 Rae8 27.Rf1 Re3 28.Nc6 Qc7 29.Qf4 Qxf4
30.gxf4 a6 31.Bf3 f5 32.Kg2 Rf6 33.Rd1 Rd6 34.Kf2 Ra3 35.Ne7+ Kf8 36.Nxf5 Rd8
37.d6 a5 38.Ne7 Rxd6 39.Rxd6 Kxe7 40.Rb6 axb4 41.Rxb5 Ra2+ 42.Kg3 Rb2 43.h4 h6
44.h5 Rb1 45.Kg4 Kd6 46.Kf5  1-0

[Event "51st Groningen Open A 2013"]
[Site "Groningen NED"]
[Date "2013.12.27"]
[Round "6.15"]
[White "Donchenko,Alexa"]
[Black "Van Foreest,Jorden"]
[Result "1/2-1/2"]
[WhiteElo "2455"]
[BlackElo "2326"]

1.Nf3 d5 2.g3 c6 3.Bg2 Bg4 4.c4 e6 5.O-O Nf6 6.d3 Bd6 7.Nc3 O-O 8.cxd5 cxd5
9.Nb5 Be7 10.Be3 Nc6 11.Rc1 e5 12.d4 e4 13.Ne5 Be6 14.Nc3 Ng4 15.Nxg4 Bxg4
16.f3 exf3 17.exf3 Be6 18.f4 g6 19.g4 f5 20.g5 Qd7 21.Qf3 Rfd8 22.h4 h5 23.Qe2 Rac8
24.Bf2 Bf8 25.Rfe1  1/2-1/2

[Event "23rd North American Open 2013"]
[Site "Las Vegas USA"]
[Date "2013.12.27"]
[Round "3.9"]
[White "Yang,Dar"]
[Black "Ehlvest,J"]
[Result "1-0"]
[WhiteElo "2468"]
[BlackElo "2577"]

1.Nf3 d5 2.g3 Nf6 3.Bg2 c6 4.O-O Bg4 5.c4 e6 6.b3 Nbd7 7.Bb2 Bc5 8.d3 O-O
9.Nbd2 Re8 10.Qc2 a5 11.a3 Qe7 12.e4 dxe4 13.dxe4 e5 14.h3 Bh5 15.Nh4 Nf8
16.Nf5 Qc7 17.Bc3 Qb6 18.g4 Bg6 19.Nf3 h5 20.Nxe5 Ne6 21.b4 axb4 22.axb4 Rxa1
23.Rxa1 Bxb4 24.Rb1 c5 25.Nxg6 fxg6 26.e5 Nf4 27.exf6 Ne2+ 28.Kh1 Nxc3 29.Nxg7 Rf8
30.Nxh5  1-0

[Event "Rilton Cup 2013-14"]
[Site "Stockholm SWE"]
[Date "2013.12.27"]
[Round "1.33"]
[White "Merkesvik,Sondre"]
[Black "Lindgren,P"]
[Result "0-1"]
[WhiteElo "2039"]
[BlackElo "2301"]

1.Nf3 d5 2.g3 Nf6 3.Bg2 c6 4.O-O Bg4 5.d4 e6 6.c3 Bd6 7.Nbd2 O-O 8.Qe1 Bf5
9.Nh4 Bc2 10.b3 Nbd7 11.Bb2 h6 12.Rc1 Bh7 13.c4 a5 14.e4 Bb4 15.Bc3 g5 16.Nhf3 Bxc3
17.Rxc3 Nxe4 18.Rc1 f5 19.Qe2 Qf6 20.Rfd1 Rae8 21.Ne1 e5 22.dxe5 Rxe5 23.Nxe4 fxe4
24.cxd5 cxd5 25.Rc7 Qd6 26.Rxb7 Nc5 27.Rb5 Ref5 28.Qe3 Nd3 29.Nxd3 d4 30.Qxe4 Rxb5
31.Qe2 Bg6 32.Nb2 Re5 33.Qc4+ Kg7 34.Rxd4 Re1+ 35.Bf1 Qf6 36.Rd2 Bf5 37.Nd3 Ra1
38.Nb2 Bh3 39.Nd1 Rxd1 40.Qc7+ Kh8  0-1

[Event "VII Stadium Casablanca Open 2013"]
[Site "Zaragoza ESP"]
[Date "2013.12.27"]
[Round "3.5"]
[White "Paunovic,D"]
[Black "Ryan,Jo"]
[Result "1-0"]
[WhiteElo "2500"]
[BlackElo "2280"]

1.Nf3 d5 2.g3 c6 3.Bg2 Bg4 4.O-O Nd7 5.d3 e6 6.c4 dxc4 7.dxc4 Bxf3 8.Bxf3 Ne5
9.Qb3 Nxf3+ 10.Qxf3 Nf6 11.Nc3 Be7 12.Rd1 Qa5 13.Bd2 Qh5 14.Qxh5 Nxh5 15.Be3 Nf6
16.Rd3 O-O 17.Rad1 b6 18.Bg5 h6 19.Bxf6 Bxf6 20.Rd7 b5 21.R1d2 Bxc3 22.bxc3 a5
23.a3 bxc4 24.R2d4 e5 25.Rxc4 Ra6 26.a4 Rb8 27.Re7 f6 28.h4 h5 29.g4 Rf8
30.gxh5 Rf7 31.Re8+ Kh7 32.Rc8 Rb7 33.Kg2 Rb2 34.Kf3 Ra7 35.R4xc6 Rd7 36.Ra8 Rdd2
37.Rcc8  1-0

[Event "WYCC U18 Open 2013"]
[Site "Al-Ain UAE"]
[Date "2013.12.28"]
[Round "11.28"]
[White "Izzat,Kanan"]
[Black "Dolnak,Michal"]
[Result "1-0"]
[WhiteElo "2385"]
[BlackElo "2164"]

1.Nf3 d5 2.g3 Nf6 3.Bg2 c5 4.O-O e6 5.c4 d4 6.b4 cxb4 7.a3 Nc6 8.d3 a5 9.Nbd2 bxa3
10.Bxa3 Bxa3 11.Rxa3 O-O 12.Qb3 Qe7 13.Rb1 Rb8 14.Ne1 Bd7 15.Nc2 e5 16.Qb2 b6
17.Rb3 h5 18.Rxb6 Nb4 19.Rxb8 Rxb8 20.Qa3 Qf8 21.Ne1 Qd8 22.Nb3 Na6 23.Qd6 a4
24.Nd2 Rxb1 25.Nxb1 Qa5 26.Nc2 Be6 27.h3 Nd7 28.f4 exf4 29.gxf4 Ndc5 30.Qxd4 Nb3
31.Qe5 Qb6+ 32.Kh2 Qf2 33.Qe3 Qh4 34.Nc3 Nac5 35.d4 Nd7 36.Nxa4 Na5 37.d5 Nf6
38.Kg1 Nxc4 39.Qd3 Bxd5 40.Bxd5 Nxd5 41.Qxd5 Qg3+ 42.Qg2 Qb3 43.Qa8+ Kh7
44.Qe4+ f5 45.Qxf5+ g6 46.Qf7+ Kh6 47.Qf8+ Kh7 48.Qe7+ Kh6 49.Qg5+ Kh7 50.Nc5 Qxc2
51.Qe7+ Kg8 52.Ne6 Qd1+ 53.Kf2  1-0

[Event "WYCC U16 Girls 2013"]
[Site "Al-Ain UAE"]
[Date "2013.12.28"]
[Round "11.24"]
[White "Uzlavataya,Anhelina"]
[Black "Head,Louise"]
[Result "1-0"]
[WhiteElo "1892"]
[BlackElo "1786"]

1.Nf3 d5 2.g3 Nf6 3.Bg2 c6 4.O-O Bf5 5.d4 h6 6.c4 e6 7.Nc3 Nbd7 8.Nd2 Be7
9.e4 dxe4 10.Ndxe4 Nxe4 11.Nxe4 Nf6 12.Nc3 O-O 13.h3 Qc7 14.Be3 Rad8 15.Qe2 Rfe8
16.Rfd1 Bb4 17.Rac1 e5 18.d5 Bxc3 19.Rxc3 c5 20.a3 e4 21.Rc2 a5 22.b4 axb4
23.axb4 b6 24.bxc5 bxc5 25.Rb2 Rb8 26.Rxb8 Qxb8 27.g4 Bd7 28.Bxc5 Qc8 29.Qe3 Nxg4
30.hxg4 Bxg4 31.Rc1 Bf3 32.Bd6 Bg4 33.Bg3 f5 34.d6 g5 35.c5 f4 36.Bxf4 Bf3
37.Bg3 Qc6 38.Rb1 Rf8 39.Rb6 Qa8 40.Qb3+ Kh7 41.c6 e3 42.Qd3+ Kg8 43.Qg6+  1-0

[Event "Cracovia Open A 2013-14"]
[Site "Krakow POL"]
[Date "2013.12.28"]
[Round "2.13"]
[White "Martynov,P2"]
[Black "Szostko,Jakub"]
[Result "1-0"]
[WhiteElo "2339"]
[BlackElo "1975"]

1.Nf3 d5 2.g3 Nf6 3.Bg2 e6 4.O-O c5 5.d3 Be7 6.Nbd2 Nc6 7.e4 b6 8.Re1 Bb7
9.c3 Qc7 10.Nf1 O-O-O 11.e5 Nd7 12.d4 Kb8 13.a3 a6 14.Bf4 h6 15.h4 Rhg8 16.h5 g5
17.hxg6 Rxg6 18.Ne3 Bg5 19.Bxg5 hxg5 20.b4 c4 21.Ng4 Rh8 22.Qd2 Qd8 23.a4 b5
24.Ra3 Rh5 25.Qe3 Rg7 26.Kf1 Rgh7 27.Ke2 Qe7 28.Kd2 Rh8 29.Raa1 Bc8 30.Rh1 Rxh1
31.Bxh1 Rh5 32.Bg2 f5 33.exf6 Nxf6 34.Nxf6 Qxf6 35.axb5 axb5 36.g4 Rh8 37.Nxg5 Rf8
38.Nf3 Qf4 39.g5 e5 40.dxe5 Bg4 41.g6 Bxf3 42.g7 Qxe3+ 43.Kxe3 Rg8 44.Bxf3 Rxg7
45.Bxd5 Nxe5 46.Ra8+  1-0

[Event "Rilton Cup 2013-14"]
[Site "Stockholm SWE"]
[Date "2013.12.28"]
[Round "2.5"]
[White "Hammer,J"]
[Black "Yagupov,I"]
[Result "1-0"]
[WhiteElo "2612"]
[BlackElo "2427"]

1.Nf3 d5 2.g3 Bg4 3.Bg2 c6 4.c4 e6 5.O-O Nf6 6.d3 Nbd7 7.cxd5 cxd5 8.Qb3 Qb6
9.Qxb6 Nxb6 10.Be3 Rc8 11.Nc3 Nfd7 12.Rac1 a6 13.a4 Bxf3 14.Bxf3 Bc5 15.a5 d4
16.axb6 dxe3 17.Na4 exf2+ 18.Kh1 Ke7 19.Bxb7 Rb8 20.Nxc5 Nxc5 21.Bg2 Nd7
22.b7 Rhd8 23.Rxf2 Nb6 24.Rf4 Rd7 25.Bc6 Rc7 26.Rff1 Kd6 27.Bg2 Rxc1 28.Rxc1 Nd5
29.e4 Ne7 30.d4 e5 31.dxe5+ Kxe5 32.Rc5+ Kd6 33.b4 f6 34.e5+ fxe5 35.Be4 g6
36.Kg1 a5 37.Rxa5 Nf5 38.Ra8 Kc7 39.b5 Nd6 40.b6+ Kxb6 41.Rxb8 Nxe4 42.Re8 Kxb7
43.Rxe5  1-0

[Event "Cracovia Open A 2013-14"]
[Site "Krakow POL"]
[Date "2013.12.29"]
[Round "4.3"]
[White "Mastrovasilis,A"]
[Black "Thompson,I"]
[Result "1-0"]
[WhiteElo "2550"]
[BlackElo "2228"]

1.Nf3 d5 2.g3 Nf6 3.Bg2 c6 4.O-O Bg4 5.c4 e6 6.cxd5 exd5 7.d3 Be7 8.Nc3 Nbd7
9.h3 Bh5 10.Qc2 O-O 11.e4 dxe4 12.dxe4 Bxf3 13.Bxf3 Ne5 14.Be2 Qc8 15.Kg2 Rd8
16.f4 Ned7 17.Bf3 Nc5 18.Be3 Ne6 19.Qf2 Rd7 20.f5 Nc7 21.e5 Nfd5 22.Nxd5 Nxd5
23.f6 Nxe3+ 24.Qxe3 gxf6 25.Bg4 fxe5 26.Rad1 Rxd1 27.Bxc8 Rxf1 28.Bxb7  1-0

[Event "23rd North American Open 2013"]
[Site "Las Vegas USA"]
[Date "2013.12.29"]
[Round "8.3"]
[White "Shimanov,A"]
[Black "Sevillano,E"]
[Result "1-0"]
[WhiteElo "2650"]
[BlackElo "2485"]

1.Nf3 d5 2.g3 Nf6 3.Bg2 c6 4.c4 dxc4 5.O-O h6 6.Qc2 Be6 7.Na3 Na6 8.Nxc4 Bd5
9.d3 e6 10.a3 Bxf3 11.Bxf3 Be7 12.b4 O-O 13.Na5 Qc7 14.Bf4 e5 15.Bd2 Rac8
16.Rfc1 Qb8 17.Qb2 Bd8 18.b5 Bxa5 19.Bxa5 cxb5 20.Qxb5 b6 21.Qxa6 bxa5 22.Qxa5 Qb2
23.Rd1 Qd4 24.Rab1 Rfe8 25.Rb4 Qc5 26.Qa4 Rc7 27.Rdb1 Ree7 28.Rb8+ Kh7 29.R8b5 Qd6
30.Bb7 Qd4 31.Qxd4 exd4 32.Bf3 g5 33.h3 Kg7 34.R1b4 Rcd7 35.Ra5 Rd6 36.Rba4 Rdd7
37.Kf1 Kf8 38.Ra6 Kg7 39.Rc4 Re6 40.Ra5 Kg6 41.Rca4 Ree7 42.Ra6 Kg7 43.Ke1 Kg6
44.Bg4 Rd8 45.Rxa7 Rxa7 46.Rxa7 Nxg4 47.hxg4 Rb8 48.Rd7 Ra8 49.Rxd4 Rxa3
50.Rd6+ Kg7 51.e4  1-0

[Event "Rilton Cup 2013-14"]
[Site "Stockholm SWE"]
[Date "2013.12.29"]
[Round "3.11"]
[White "Poley,V"]
[Black "Mihok,O"]
[Result "1/2-1/2"]
[WhiteElo "2300"]
[BlackElo "2466"]

1.Nf3 d5 2.g3 c6 3.Bg2 Bg4 4.O-O Nd7 5.d4 e6 6.Nbd2 f5 7.c4 Ngf6 8.b3 Be7
9.a4 O-O 10.a5 Ne4 11.Bb2 Bb4 12.a6 b5 13.Nxe4 fxe4 14.Ne1 Bd6 15.f3 exf3
16.exf3 Bf5 17.cxb5 cxb5 18.Nd3 Qb6 19.Kh1 Rac8 20.Re1 Rfe8 21.Re2 h6 22.g4 Bh7
23.Bh3 Be7 24.Bf1 Rf8 25.Kg2 Rc6 26.Rc2 Rxc2+ 27.Qxc2 Bf6 28.Qc3 Re8 29.Nb4 Nb8
30.Rc1 Nxa6 31.Qc6 Qxc6 32.Nxc6 Ra8 33.Bxb5 Nc7 34.Ba4 a6 35.Ne5 Nb5 36.Rc6 Bxe5
37.dxe5 Kf7 38.Kf2 Bg6 39.Ke3 Ke7 40.Rb6 Be8 41.Bd4 Nxd4 42.Kxd4 Bxa4 43.bxa4 a5
44.Rb7+ Kf8 45.Rb5 g5 46.Rb6 Kf7 47.Rb7+ Kg8 48.Re7 Rf8 49.Rxe6 Rxf3 50.Rxh6 Rf4+
51.Kxd5 Rxg4 52.Rf6 Kg7 53.Rf5 Rxa4 54.e6 Rf4 55.Rxg5+ Kf8 56.Rh5 a4 57.Rh8+ Ke7
58.Rh7+ Ke8 59.Ra7 Rh4 60.Kd6 Rd4+ 61.Ke5 Rh4 62.Kf6 Rh6+  1/2-1/2

[Event "Rilton Cup 2013-14"]
[Site "Stockholm SWE"]
[Date "2013.12.29"]
[Round "3.5"]
[White "Goganov,A"]
[Black "Lindgren,P"]
[Result "1-0"]
[WhiteElo "2581"]
[BlackElo "2301"]

1.Nf3 d5 2.g3 Nf6 3.Bg2 c6 4.O-O Bg4 5.c4 e6 6.d3 Nbd7 7.cxd5 exd5 8.Nc3 Bc5
9.Qb3 Qb6 10.Qc2 Bd6 11.e4 O-O 12.Be3 Qa6 13.h3 Bxf3 14.Bxf3 Rfe8 15.Bg2 Rac8
16.Rfe1 Qa5 17.a3 Nf8 18.b4 Qd8 19.f4 Bc7 20.Na4 d4 21.Bf2 Ne6 22.Nc5 Nxc5
23.Qxc5 Bb6 24.Qc4 a5 25.b5 cxb5 26.Qxb5 Rc5 27.Qa4 Rc3 28.Rab1 Qd7 29.Qxd7 Nxd7
30.e5 Rxa3 31.Bd5 Kf8 32.e6 Nf6 33.Bc4 Bc5 34.Rxb7 fxe6 35.f5 Re7 36.Rxe7 Kxe7
37.fxe6 Ne8 38.g4 h6 39.g5 hxg5 40.Re5 Ba7 41.Rxg5 Nd6 42.Rxg7+ Kf6 43.Rxa7 Nxc4
44.dxc4  1-0

[Event "Rilton Cup 2013-14"]
[Site "Stockholm SWE"]
[Date "2013.12.29"]
[Round "3.13"]
[White "Hansen,TR"]
[Black "Englert,F"]
[Result "1-0"]
[WhiteElo "2473"]
[BlackElo "2316"]

1.g3 d5 2.Nf3 g6 3.c4 d4 4.Bg2 Bg7 5.O-O Nf6 6.e3 Nc6 7.d3 O-O 8.h3 e5 9.exd4 exd4
10.Na3 h6 11.Rb1 Nb4 12.Nc2 Nxc2 13.Qxc2 a5 14.Re1 Nd7 15.Bd2 Ra6 16.b3 Re8
17.a3 Nc5 18.b4 axb4 19.axb4 Nd7 20.Rxe8+ Qxe8 21.Bf4 c5 22.b5 Re6 23.Ra1 Kh7
24.Ra7 Nf6 25.Ra8 Nh5 26.Bc7 b6 27.Rb8 Re2 28.Qd1 Ra2 29.g4 Qd7 30.Bh2 Nf6
31.Bg3 Qa7 32.Kh2 Bxg4 33.Qe1 Bf5 34.Nh4 Ra1 35.Qe2 Ra2 36.Qf3 Be6 37.Rb7 Qa5
38.Qc6 Qd2 39.Rxb6 Qxd3 40.Rb8 Qxc4 41.Rd8 Ra1 42.Rd6 Bd5 43.Rxd5 Nxd5 44.Nxg6 fxg6
45.Bxd5 Qc1 46.h4 Qg1+ 47.Kh3 Qf1+ 48.Bg2 Qc4 49.h5 gxh5 50.b6 Qg8 51.b7 Rb1
52.Qe4+ Kh8 53.Qxb1  1-0

[Event "51st Groningen Open A 2013"]
[Site "Groningen NED"]
[Date "2013.12.30"]
[Round "9.34"]
[White "Berkovich,M"]
[Black "Markus,J"]
[Result "1-0"]
[WhiteElo "2366"]
[BlackElo "2118"]

1.Nf3 d5 2.g3 c6 3.Bg2 Nf6 4.c4 dxc4 5.O-O g6 6.Na3 Bg7 7.Nxc4 O-O 8.d3 Na6
9.Bd2 Be6 10.Qc2 h6 11.b4 Qc8 12.Rfc1 Bh3 13.Bh1 Nc7 14.a4 Rd8 15.Rab1 Ne6
16.b5 c5 17.Na5 Bg4 18.Bc3 Nd5 19.Bxg7 Kxg7 20.Nb3 Kg8 21.Nxc5 Bxf3 22.Nxe6 Bxh1
23.Nxd8 Qh3 24.Kxh1 Rxd8 25.Qc4 Nf6 26.f3 g5 27.Qc7 Rd7 28.Qc8+ Kg7 29.Qc5 Rd5
30.Qf2 g4 31.Rc5 e5 32.Rxd5 Nxd5 33.Qg2  1-0

[Event "51st Groningen Open A 2013"]
[Site "Groningen NED"]
[Date "2013.12.30"]
[Round "9.14"]
[White "Javakhadze,Z"]
[Black "Simonian,T"]
[Result "0-1"]
[WhiteElo "2451"]
[BlackElo "2401"]

1.Nf3 d5 2.g3 c6 3.Bg2 Bg4 4.c4 Nd7 5.cxd5 cxd5 6.Nc3 e6 7.Qa4 Bxf3 8.Bxf3 Nf6
9.O-O Be7 10.d3 O-O 11.Bd2 a6 12.Rfc1 Rc8 13.b4 Ne5 14.Bg2 Nc6 15.a3 h6 16.Qd1 b5
17.Ra2 Bd6 18.e3 Qb6 19.Rac2 Rc7 20.Ne2 Rfc8 21.Bc3 e5 22.Bh3 Ra8 23.Bg2 Qa7
24.Bd2 Ne7 25.d4 e4 26.Rc5 Qb8 27.Bh3 Nd7 28.a4 Bxc5 29.bxc5 b4 30.Rb1 Rb7
31.Nc1 Nc6 32.Nb3 Qe8 33.Bf1 Ndb8 34.Qh5 Rd7 35.f3 Rd8 36.Bg2 exf3 37.Bxf3 Qe6
38.Qh4  0-1

[Event "22nd Donau Open 2013"]
[Site "Aschach AUT"]
[Date "2013.12.31"]
[Round "7.7"]
[White "Belezky,A"]
[Black "Froewis,G"]
[Result "1/2-1/2"]
[WhiteElo "2451"]
[BlackElo "2423"]

1.Nf3 d5 2.g3 c6 3.Bg2 Nf6 4.d3 Bg4 5.h3 Bh5 6.O-O Nbd7 7.c4 e6 8.cxd5 exd5
9.Nc3 Bd6 10.Qc2 O-O 11.e4 dxe4 12.dxe4 Bxf3 13.Bxf3 Qe7 14.Bg2 Rad8 15.f4 Bb4
16.e5 Bxc3 17.Qxc3 Nd5 18.Bxd5 cxd5 19.Qd4 Qe6 20.Kh2 b6 21.Bd2 f6 22.exf6 Nxf6
23.Bc3 Rf7 24.Rfe1 Ne4 25.Rad1 Rfd7 26.Qe3 Qf7 27.Be5 h6 28.b3 Qg6 29.g4 Qf7
30.Rc1 Nc5 31.Bd4 Rf8 32.f5 Ne4 33.Qf4 Re7 34.Kg2 Qe8 35.Rc7 Rff7 36.Rec1 Rxc7
37.Rxc7 Nf6 38.Rxf7 Qxf7 39.Qb8+ Kh7 40.Qd8 Ne4 41.b4 b5 42.Qa5 a6 43.Qxa6 Qc7
44.Qg6+ Kg8 45.Qe6+ Kh7  1/2-1/2